[Event "Elit(Kamraterna-Vasteras)"]
[Site "?"]
[Date "2011.10.07"]
[Round "1"]
[White "Akesson, Ralf"]
[Black "Svensson, Bengt"]
[Result "1/2-1/2"]
[WhiteElo "2426"]
[BlackElo "2460"]
[PlyCount "90"]
[EventDate "2011.10.27"]
[SourceDate "2011.10.27"]

1. d4 d5 2. c4 e6 3. Nc3 Nf6 4. cxd5 exd5 5. Bg5 Be7 6. e3 c6 7. Qc2 Nbd7 8.
Bd3 O-O 9. Nge2 Re8 10. O-O Nf8 11. f3 Nh5 12. Bxe7 Qxe7 13. e4 dxe4 14. fxe4
Qg5 15. Rf2 Nf6 16. Qc1 Qxc1+ 17. Rxc1 Be6 18. h3 Rad8 19. a3 Bb3 20. e5 N6d7
21. Bb1 c5 22. Nb5 cxd4 23. Nexd4 Rxe5 24. Nxa7 Bd5 25. Nab5 Nf6 26. a4 Ra8 27.
Nc3 Rae8 28. Nxd5 Rxd5 29. Nb5 Red8 30. Ba2 Rd2 31. Rc7 R2d7 32. Rfc2 g6 33. b4
Ne6 34. Rxd7 Rxd7 35. Bxe6 fxe6 36. Rc7 Rxc7 37. Nxc7 Kf7 38. a5 Ke7 39. b5 Kd6
40. b6 Nd5 41. Nb5+ Kc5 42. a6 Nxb6 43. axb7 Nd7 44. Nc7 Kc6 45. Nxe6 Kxb7
1/2-1/2

[Event "Elit(Kamraterna-Vasteras)"]
[Site "?"]
[Date "2011.10.07"]
[Round "1"]
[White "Hamark, Jesper"]
[Black "Norberg, Johan"]
[Result "1/2-1/2"]
[WhiteElo "2404"]
[BlackElo "2355"]
[PlyCount "35"]

1. c4 e5 2. Nc3 Nc6 3. g3 g6 4. Bg2 Bg7 5. e4 Nge7 6. d3 Nd4 7. Nge2 Nec6 8.
O-O O-O 9. Be3 d6 10. Qd2 Bh3 11. f3 Bxg2 12. Kxg2 Qd7 13. Rab1 a5 14. Nd5 Nxe2
15. Qxe2 f5 16. Qd2 Rf7 17. Rbc1 Ne7 18. Nxe7+ 1/2-1/2

[Event "Elit(Kamraterna-Vasteras)"]
[Site "?"]
[Date "2011.10.07"]
[Round "1"]
[White "Madebrink, Lars"]
[Black "Janse, Rasmus"]
[Result "0-1"]
[WhiteElo "2285"]
[BlackElo "2261"]
[PlyCount "66"]

1. Nf3 g6 2. c4 Bg7 3. d4 d6 4. Nc3 Nd7 5. g3 e5 6. Bg2 Ne7 7. e4 O-O 8. O-O
Nc6 9. Be3 exd4 10. Nxd4 Nde5 11. Nxc6 bxc6 12. c5 Ba6 13. Re1 Nd3 14. Bf1 Nxb2
15. Qc2 Bxf1 16. Rxf1 Nc4 17. Bf4 Na3 18. Qc1 Nc4 19. Rb1 Rb8 20. Rd1 Qf6 21.
Rxb8 Rxb8 22. cxd6 cxd6 23. Ne2 Qe6 24. Nd4 Bxd4 25. Rxd4 Ne5 26. Bxe5 Qxe5 27.
Qd2 Rb1+ 28. Kg2 Re1 29. Ra4 Rxe4 30. Rxa7 Re2 31. Qh6 Qe4+ 32. Kh3 Qf5+ 33.
Kg2 Qxf2+ 0-1

[Event "Elit(Kamraterna-Vasteras)"]
[Site "?"]
[Date "2011.10.07"]
[Round "1"]
[White "Nilsson, Andre"]
[Black "Svenn, Matti"]
[Result "1/2-1/2"]
[WhiteElo "2325"]
[BlackElo "2259"]
[PlyCount "69"]

1. g3 d5 2. Bg2 Nf6 3. d3 g6 4. Nf3 Bg7 5. O-O O-O 6. Nbd2 Nc6 7. e4 dxe4 8.
dxe4 Bg4 9. h3 Bxf3 10. Bxf3 e5 11. c3 Qd7 12. Kg2 Bh6 13. Nc4 Qxd1 14. Rxd1
Bxc1 15. Raxc1 Rfd8 16. Kf1 Kf8 17. Ke2 Ke7 18. a4 Rxd1 19. Rxd1 Rd8 20. Rxd8
Kxd8 21. b4 Nd7 22. Bg4 Ncb8 23. Ke3 Ke7 24. Kd3 f6 25. Ne3 Kd6 26. h4 c6 27.
h5 Nf8 28. Bd1 b6 29. Bb3 Ne6 30. hxg6 hxg6 31. a5 Nd7 32. axb6 axb6 33. Nc4+
Ke7 34. Ke3 Nc7 35. f3 1/2-1/2

[Event "Elit(Kamraterna-Vasteras)"]
[Site "?"]
[Date "2011.10.07"]
[Round "1"]
[White "Andersson, Michael"]
[Black "Norberg, Erik"]
[Result "1/2-1/2"]
[WhiteElo "2218"]
[BlackElo "2252"]
[PlyCount "59"]

1. e4 g6 2. f4 d5 3. e5 h5 4. Be2 Nh6 5. d3 c6 6. c3 Qb6 7. Na3 Bg4 8. Nc2 e6
9. Ne3 Bxe2 10. Qxe2 Nd7 11. Nf3 Be7 12. O-O c5 13. c4 d4 14. Nd1 Nf5 15. Nf2
Qc6 16. Ne4 a6 17. Bd2 b5 18. Rfc1 O-O 19. Be1 bxc4 20. Rxc4 Nb6 21. Rcc1 Nd5
22. g3 Qb5 23. b3 a5 24. Nfd2 a4 25. bxa4 Rxa4 26. Nc4 Rfa8 27. Bf2 Qa6 28. a3
Nb6 29. Ned2 Nd5 30. Ne4 1/2-1/2

[Event "Elit(Kamraterna-Vasteras)"]
[Site "?"]
[Date "2011.10.07"]
[Round "1"]
[White "Kimari, Patrick"]
[Black "Borvander, Tom"]
[Result "0-1"]
[WhiteElo "2153"]
[BlackElo "2211"]
[PlyCount "68"]

1. e4 e5 2. Nc3 Nf6 3. Nf3 Nc6 4. Bb5 Nd4 5. Ba4 Bc5 6. d3 O-O 7. Bg5 Nxf3+ 8.
Qxf3 Be7 9. Bb3 c6 10. O-O d6 11. h3 Ne8 12. Be3 Kh8 13. Qe2 Nc7 14. f4 exf4
15. Bxf4 Ne6 16. Be3 Bf6 17. Qf2 Bh4 18. Qd2 b5 19. Ne2 Qe7 20. c3 a5 21. a4
Bd7 22. axb5 cxb5 23. Bd5 Rae8 24. Rxa5 Nc7 25. c4 Nxd5 26. cxd5 f5 27. Ra7 Qd8
28. Nd4 fxe4 29. Rxf8+ Rxf8 30. dxe4 Qe8 31. Nf3 Bg3 32. Bd4 Qxe4 33. Rxd7 Qb1+
34. Ne1 Bxe1 0-1

[Event "Elit(Kamraterna-Vasteras)"]
[Site "?"]
[Date "2011.10.07"]
[Round "1"]
[White "Nyberg, Ulf"]
[Black "Ylonen, Anders"]
[Result "0-1"]
[WhiteElo "2112"]
[BlackElo "2105"]
[PlyCount "100"]

1. d4 f5 2. g3 Nf6 3. Bg2 e6 4. Nf3 d5 5. O-O Bd6 6. c4 c6 7. b3 Qe7 8. Bf4
Bxf4 9. gxf4 O-O 10. Nbd2 Ne4 11. Qc2 Nd7 12. Ne5 Qh4 13. Nxe4 fxe4 14. e3 Nxe5
15. fxe5 Bd7 16. Qe2 Be8 17. f4 exf3 18. Bxf3 Bg6 19. Rf2 Bf5 20. Rg2 Rf7 21.
Rf1 Bh3 22. Rff2 Bxg2 23. Rxg2 Raf8 24. Rg3 Qe7 25. Kg2 Qh4 26. Rh3 Qg5+ 27.
Rg3 Qh4 28. Rh3 Qg5+ 29. Rg3 Qf5 30. Rh3 g6 31. Rg3 Kh8 32. Rh3 Rg7 33. Bg4
Qe4+ 34. Bf3 Qf5 35. Rg3 Rgf7 36. Rh3 Qb1 37. Rg3 a6 38. Kh3 b5 39. c5 a5 40.
Kg2 a4 41. h4 axb3 42. axb3 Ra7 43. Kh3 Ra2 44. Qd1 Qxd1 45. Bxd1 Rf1 46. Bf3
Re1 47. Bg2 Rb2 48. Kg4 Rxb3 49. Kf4 Rg1 50. Rg5 Rb2 0-1

[Event "Elit(Team Viking-Manhem)"]
[Site "?"]
[Date "2011.10.07"]
[Round "1"]
[White "Vas, Peter"]
[Black "Shimanov, Alexander"]
[Result "0-1"]
[WhiteElo "2422"]
[BlackElo "2626"]
[PlyCount "74"]

1. e4 c5 2. Nf3 e6 3. d4 cxd4 4. Nxd4 Nc6 5. Nb5 d6 6. Bf4 e5 7. Be3 Nf6 8.
N1c3 a6 9. Na3 b5 10. Nd5 Nxd5 11. Qxd5 Bb7 12. Be2 Na5 13. Qd3 d5 14. exd5
Qxd5 15. Qxd5 Bxd5 16. Bb6 Nc6 17. O-O Rb8 18. Be3 Be6 19. c3 Be7 20. f4 f6 21.
Bf3 Rc8 22. fxe5 fxe5 23. Nc2 O-O 24. a3 Na5 25. Nb4 Nc4 26. Bd5 Bxd5 27. Nxd5
Bd6 28. Rab1 Rcd8 29. Rxf8+ Rxf8 30. Bf2 h5 31. Ne3 Bc5 32. Nd1 Nd2 33. Rc1 e4
34. g3 e3 35. Nxe3 Ne4 36. b4 Ba7 37. c4 bxc4 0-1

[Event "Elit(Team Viking-Manhem)"]
[Site "?"]
[Date "2011.10.07"]
[Round "1"]
[White "Nithander, Victor"]
[Black "Volodin, Aleksandr"]
[Result "1-0"]
[WhiteElo "2494"]
[BlackElo "2548"]
[PlyCount "75"]
[EventDate "2011.??.??"]

1. c4 c5 2. Nf3 d6 3. d4 cxd4 4. Nxd4 b6 5. e4 Bb7 6. Nc3 Nf6 7. Bd3 Nbd7 8.
O-O e6 9. b3 Be7 10. Bb2 O-O 11. Qe2 Re8 12. Rad1 a6 13. f4 Qc7 14. Bb1 Bf8 15.
Nf3 Rac8 16. Kh1 Rcd8 17. Qc2 g6 18. f5 Ng4 19. fxe6 fxe6 20. Ne2 Nde5 21. Nxe5
dxe5 22. Rxd8 Rxd8 23. Bc1 Bc5 24. Ng1 Bxg1 25. Rxg1 Qc5 26. h3 Bxe4 27. Qe2
Nf2+ 28. Kh2 Bd3 29. Bxd3 Nxd3 30. Rd1 Qd6 31. Qe4 b5 32. Be3 Kg7 33. c5 Qd7
34. Bg5 Qd5 35. Qxd5 Rxd5 36. c6 e4 37. Be7 Nf4 38. c7 1-0

[Event "Elit(Team Viking-Manhem)"]
[Site "?"]
[Date "2011.10.07"]
[Round "1"]
[White "Carlsson, Pontus"]
[Black "Moberg, Karl Johan"]
[Result "1-0"]
[WhiteElo "2579"]
[BlackElo "2334"]
[PlyCount "99"]
[SourceDate "2011.10.27"]

1. e4 e5 2. Nf3 Nc6 3. Bc4 Nf6 4. d3 Be7 5. O-O O-O 6. Bb3 d6 7. c3 Na5 8. Bc2
c5 9. h3 Qc7 10. Re1 Rd8 11. Nbd2 Nc6 12. Qe2 h6 13. Nf1 Be6 14. Ne3 Bf8 15.
Nh2 d5 16. Nhg4 Nxg4 17. Nxd5 Bxd5 18. exd5 Nf6 19. dxc6 Qxc6 20. Bd2 Re8 21.
Rad1 Rad8 22. Bc1 g6 23. Qf1 Bg7 24. g3 Nh7 25. Qg2 Qxg2+ 26. Kxg2 Nf6 27. Ba4
Re6 28. Bb3 Ree8 29. Re2 Nd5 30. f4 Nb6 31. fxe5 c4 32. Bc2 cxd3 33. Rxd3 Rxd3
34. Bxd3 Re6 35. Be4 Rxe5 36. Kf2 Re7 37. Bf3 Rxe2+ 38. Kxe2 Nd7 39. Bxb7 Nc5
40. Bc6 Bf8 41. b4 Ne6 42. Be3 Bd6 43. Bxa7 Bxg3 44. b5 Be5 45. Kd2 Bd6 46. a4
Nc5 47. b6 Nb3+ 48. Kd3 Na5 49. Kd4 Bh2 50. Kc5 1-0

[Event "Elit(Team Viking-Manhem)"]
[Site "?"]
[Date "2011.10.07"]
[Round "1"]
[White "Welin, Mats"]
[Black "Semcesen, Daniel"]
[Result "1/2-1/2"]
[WhiteElo "2363"]
[BlackElo "2555"]
[PlyCount "141"]

1. e4 e5 2. Nf3 Nc6 3. Bb5 a6 4. Ba4 Nf6 5. O-O Be7 6. Re1 b5 7. Bb3 d6 8. c3
O-O 9. h3 Re8 10. d4 h6 11. Nbd2 Bf8 12. Nf1 Bd7 13. Ng3 Na5 14. Bc2 Nc4 15. b3
Nb6 16. a4 c5 17. a5 Nc8 18. d5 Ne7 19. b4 c4 20. Nh2 Ng6 21. Qf3 Be7 22. Nf5
Bxf5 23. exf5 e4 24. Bxe4 Nh4 25. Qd1 Nxe4 26. Rxe4 Bf6 27. Rg4 Bxc3 28. Bxh6
Nxf5 29. Bg5 f6 30. Bd2 Bxa1 31. Qxa1 Re2 32. Bc3 Qe7 33. Qb1 Nh6 34. Rf4 Rf8
35. Nf3 Qf7 36. Ng5 fxg5 37. Rxf7 Kxf7 38. Qh7 Rg8 39. Bxg7 Rxg7 40. Qxh6 Re1+
41. Kh2 Rg6 42. Qh7+ Kf6 43. Qd7 Re7 44. Qc8 Ke5 45. Qxa6 Rc7 46. Qxb5 Rgg7 47.
a6 c3 48. Qe2+ Kxd5 49. a7 Rxa7 50. Qd3+ Ke6 51. Qxc3 d5 52. Qe3+ Kf6 53. g4
Rad7 54. f4 gxf4 55. Qxf4+ Ke6 56. Qe3+ Kd6 57. Qb6+ Ke5 58. Qe3+ Kd6 59. Qc5+
Ke6 60. Qd4 Rc7 61. Qe3+ Kd6 62. b5 Rge7 63. Qb6+ Ke5 64. g5 d4 65. Qf6+ Ke4
66. b6 Rcd7 67. Kg3 d3 68. Qf4+ Kd5 69. g6 Kc6 70. b7 Kxb7 71. Qb4+ 1/2-1/2

[Event "Elit(Team Viking-Manhem)"]
[Site "?"]
[Date "2011.10.07"]
[Round "1"]
[White "Sagit, Rauan"]
[Black "Fendrich, David"]
[Result "1-0"]
[WhiteElo "2431"]
[BlackElo "2263"]
[PlyCount "59"]

1. e4 c5 2. Nf3 e6 3. d4 cxd4 4. Nxd4 Qb6 5. Nb3 a6 6. Bd3 Qc7 7. O-O Nf6 8.
N1d2 Be7 9. Nf3 d6 10. Bg5 Nbd7 11. a4 b6 12. a5 b5 13. Rc1 Bb7 14. Re1 d5 15.
e5 Ne4 16. Bxe7 Kxe7 17. Bxe4 dxe4 18. Ng5 Nxe5 19. Nxe4 h5 20. h3 Rad8 21. Qe2
Nc4 22. Nbc5 Bxe4 23. Nxe4 Nxb2 24. Qe3 Nc4 25. Qg5+ Kf8 26. Rcd1 Rc8 27. Nc5
Qe7 28. Nd7+ Ke8 29. Qxg7 Rf8 30. Nf6+ 1-0

[Event "Elit(Team Viking-Manhem)"]
[Site "?"]
[Date "2011.10.07"]
[Round "1"]
[White "Hultin, Johan"]
[Black "Lindberg, Bo"]
[Result "1/2-1/2"]
[WhiteElo "2354"]
[BlackElo "2460"]
[PlyCount "113"]

1. d4 Nf6 2. Nf3 e6 3. Bg5 h6 4. Bh4 c5 5. e3 b6 6. Bd3 Bb7 7. O-O Be7 8. Nbd2
cxd4 9. exd4 O-O 10. c3 Nh5 11. Bg3 d6 12. Qe2 Nd7 13. Rfe1 Nxg3 14. hxg3 Re8
15. Nf1 Bf8 16. Ne3 Qc7 17. Ba6 Qc8 18. Bd3 e5 19. dxe5 dxe5 20. Bc4 e4 21. Nd4
Ne5 22. Bd5 Bxd5 23. Nxd5 Nd3 24. Rf1 Qb7 25. Nf4 Nxf4 26. gxf4 Rad8 27. Rad1
Rd5 28. Rd2 Qd7 29. Rfd1 Bc5 30. Nc2 Rxd2 31. Qxd2 Qxd2 32. Rxd2 e3 33. fxe3
Rxe3 34. Nxe3 Bxe3+ 35. Rf2 f5 36. Kf1 Bxf2 37. Kxf2 Kf7 38. c4 Ke6 39. b4 Kd6
40. Ke3 Ke6 41. Kd4 g5 42. fxg5 hxg5 43. c5 bxc5+ 44. bxc5 a5 45. c6 Kd6 46. c7
Kxc7 47. Ke5 Kc6 48. Kxf5 Kb5 49. Kxg5 Ka4 50. g4 Ka3 51. Kf4 Kxa2 52. g5 a4
53. g6 a3 54. g7 Kb2 55. g8=Q a2 56. Qb8+ Ka1 57. Ke3 1/2-1/2

[Event "Elit(Team Viking-Manhem)"]
[Site "?"]
[Date "2011.10.07"]
[Round "1"]
[White "Pettersson, Anders"]
[Black "Carlhammar, Magnus"]
[Result "0-1"]
[WhiteElo "2290"]
[BlackElo "2321"]
[PlyCount "66"]

1. d4 d6 2. c4 Nf6 3. Nc3 Nbd7 4. e4 e5 5. Nf3 Be7 6. Bd3 c6 7. O-O O-O 8. a3
a6 9. b4 b5 10. c5 Qc7 11. dxe5 Nxe5 12. Nxe5 dxe5 13. Be2 a5 14. Bb2 Be6 15.
Qc1 Rfd8 16. Rd1 Rd4 17. Rxd4 exd4 18. Nd1 Rd8 19. f3 Nh5 20. Nf2 h6 21. Qf1
Bg5 22. Bc1 Be3 23. Bxe3 dxe3 24. Nd3 axb4 25. axb4 Nf4 26. Nxf4 Qxf4 27. Rd1
Rd2 28. Qe1 Bb3 29. g3 Qg5 30. Rxd2 exd2 31. Qb1 Qe3+ 32. Kf1 Bc4 33. Qd1 Qxf3+
0-1

[Event "Elit(Eksjo-Rockaden,Sthlm)"]
[Site "?"]
[Date "2011.10.07"]
[Round "1"]
[White "Bejtovic, Jasmin"]
[Black "Nielsen, Peter Heine"]
[Result "0-1"]
[WhiteElo "2485"]
[BlackElo "2737"]
[PlyCount "82"]

1. e4 c5 2. Nc3 Nc6 3. g3 g6 4. Bg2 Bg7 5. d3 d6 6. f4 Nf6 7. Nf3 O-O 8. O-O
Rb8 9. h3 b5 10. a3 a5 11. Be3 Nd7 12. Rb1 b4 13. axb4 axb4 14. Ne2 Ra8 15. b3
Bb7 16. g4 e6 17. g5 Ne7 18. Ng3 d5 19. f5 dxe4 20. dxe4 exf5 21. exf5 Nd5 22.
Bd2 Qc7 23. Ne2 Rfe8 24. f6 Bf8 25. c4 Ne3 26. Bxe3 Rxe3 27. Nh4 Ra2 28. Nf4
Bd6 29. Nd5 Bxd5 30. Qxd5 Bh2+ 31. Kh1 Rxh3 32. Bxh3 Bg1 33. Qa8+ Rxa8 34. Rxg1
Ra2 35. Rg2 Rxg2 36. Bxg2 h6 37. Nxg6 fxg6 38. Bd5+ Kf8 39. Ra1 hxg5 40. Ra8+
Nb8 41. Kg2 Qf4 0-1

[Event "Elit(Eksjo-Rockaden,Sthlm)"]
[Site "?"]
[Date "2011.10.07"]
[Round "1"]
[White "Blomqvist, Erik"]
[Black "de Verdier, Michael"]
[Result "1-0"]
[WhiteElo "2541"]
[BlackElo "2441"]
[PlyCount "77"]

1. Nf3 Nf6 2. c4 e6 3. g3 d5 4. Bg2 dxc4 5. Qa4+ Bd7 6. Qxc4 Bc6 7. O-O Be7 8.
Qc2 Nbd7 9. Nc3 Bxf3 10. Bxf3 c6 11. d4 O-O 12. Rd1 Qc7 13. Bf4 Qa5 14. e4 e5
15. dxe5 Nxe5 16. Be2 Rad8 17. Kg2 Rfe8 18. Bd2 Qb6 19. Be3 Qa5 20. a3 Rxd1 21.
Rxd1 Rd8 22. f4 Ng6 23. Qb3 Rxd1 24. Bxd1 Bc5 25. Bxc5 Qxc5 26. Qxb7 Qe3 27.
Bb3 Qd2+ 28. Kh3 Kh8 29. Bxf7 Nxf4+ 30. gxf4 Qe3+ 31. Kg2 Qd2+ 32. Kf1 Qc1+ 33.
Ke2 Qc2+ 34. Ke3 g5 35. fxg5 Ng4+ 36. Kf4 Qxh2+ 37. Kxg4 Qg2+ 38. Kf5 Qf2+ 39.
Ke6 1-0

[Event "Elit(Eksjo-Rockaden,Sthlm)"]
[Site "?"]
[Date "2011.10.07"]
[Round "1"]
[White "Wiedenkeller, Michael"]
[Black "Ornstein, Axel"]
[Result "1-0"]
[WhiteElo "2512"]
[BlackElo "2444"]
[PlyCount "117"]

1. d4 Nf6 2. c4 e6 3. Nc3 Bb4 4. Qc2 c5 5. dxc5 O-O 6. a3 Bxc5 7. Nf3 b6 8. Bg5
Bb7 9. e4 h6 10. Bh4 Be7 11. Rd1 Nh5 12. Bxe7 Qxe7 13. Be2 Nc6 14. O-O Nf6 15.
Nb5 Ne8 16. Rd2 a6 17. Rfd1 Nb8 18. Nd6 Nxd6 19. Rxd6 Bc6 20. b4 Rc8 21. e5 Ra7
22. Qd3 Rac7 23. Qe3 Bxf3 24. Qxf3 Rc6 25. Qe3 Qd8 26. R6d4 R6c7 27. Rg4 h5 28.
Rg3 h4 29. Rg4 Nc6 30. Qh6 Qf8 31. Bd3 g6 32. Qh5 Ne7 33. Qxh4 a5 34. Qf6 Re8
35. h4 axb4 36. axb4 Qg7 37. h5 Qxf6 38. exf6 Nf5 39. hxg6 fxg6 40. Rxg6+ Kf7
41. Bxf5 exf5 42. Rh6 Re6 43. Rd4 Rxf6 44. Rh7+ Ke6 45. g3 Rf7 46. Rhh4 Ke7 47.
Kg2 Rc6 48. Kf3 Rg6 49. Rd5 Rc6 50. Rhd4 Kd8 51. Kf4 Rcf6 52. Rd6 Kc7 53. Rxf6
Rxf6 54. Rd5 Rc6 55. c5 bxc5 56. Rxc5 Rxc5 57. bxc5 Kc6 58. Kxf5 Kxc5 59. g4
1-0

[Event "Elit(Eksjo-Rockaden,Sthlm)"]
[Site "?"]
[Date "2011.10.07"]
[Round "1"]
[White "Krantz, Christopher"]
[Black "Bator, Robert"]
[Result "0-1"]
[WhiteElo "2353"]
[BlackElo "2483"]
[PlyCount "66"]

1. e4 c5 2. Nc3 Nc6 3. f4 g6 4. Nf3 Bg7 5. Bb5 Nd4 6. O-O Nxb5 7. Nxb5 Nf6 8.
Nc3 O-O 9. d3 d5 10. e5 Ne8 11. d4 cxd4 12. Qxd4 e6 13. Qd3 b6 14. Be3 Nc7 15.
Rfd1 Bb7 16. a4 Na6 17. Qd2 Nc5 18. a5 Qe7 19. Na4 Ne4 20. Qd4 Rfc8 21. axb6
axb6 22. Nxb6 Rxa1 23. Rxa1 Rxc2 24. Ne1 Rc7 25. Nd3 Bf8 26. b4 Nc3 27. Kh1 Nb5
28. Qb2 d4 29. Bg1 Qd8 30. Na4 Rc4 31. Rc1 Rxc1 32. Qxc1 Qa8 33. Qc2 Na3 0-1

[Event "Elit(Eksjo-Rockaden,Sthlm)"]
[Site "?"]
[Date "2011.10.07"]
[Round "1"]
[White "Berggren, Jonatan"]
[Black "Akvist, Hakan"]
[Result "1-0"]
[WhiteElo "2239"]
[BlackElo "2061"]
[PlyCount "65"]

1. e4 e6 2. d4 d5 3. e5 c5 4. c3 Nc6 5. Nf3 Qb6 6. a3 Bd7 7. b4 cxd4 8. cxd4
Rc8 9. Be2 Nge7 10. Bb2 Nf5 11. g4 Nfe7 12. Nbd2 h5 13. g5 Nf5 14. Nf1 Nxb4 15.
axb4 Qxb4+ 16. Qd2 Rc2 17. Ba3 Rxd2 18. Bxb4 Rxe2+ 19. Kxe2 Bxb4 20. Rxa7 Bb5+
21. Kd1 O-O 22. Rxb7 Ba4+ 23. Ke2 Bc3 24. Kd3 Bd1 25. N1d2 Bxf3 26. Nxf3 Ba5
27. Ra1 Bd8 28. Ra8 Be7 29. Rxf8+ Bxf8 30. g6 fxg6 31. Ng5 Be7 32. Nxe6 Bh4 33.
f4 1-0

[Event "Elit(Eksjo-Rockaden,Sthlm)"]
[Site "?"]
[Date "2011.10.07"]
[Round "1"]
[White "Gustafsson, Olof"]
[Black "Henriksson, Jacob"]
[Result "0-1"]
[WhiteElo "2076"]
[BlackElo "2326"]
[PlyCount "84"]

1. c4 Nf6 2. Nc3 c5 3. g3 e6 4. Bg2 Be7 5. e3 O-O 6. Nge2 a6 7. O-O Qc7 8. b3
d6 9. Bb2 Nbd7 10. Nf4 Rb8 11. Qe2 b6 12. d4 cxd4 13. exd4 Bb7 14. d5 e5 15.
Nd3 Nc5 16. Nxc5 Qxc5 17. Na4 Qc7 18. f4 exf4 19. Rae1 Rbe8 20. Rxf4 Bd8 21.
Be4 Nxe4 22. Rxe4 Rxe4 23. Qxe4 b5 24. cxb5 axb5 25. Rc1 Qa5 26. Bc3 Qc7 27.
Bb2 Qd7 28. Nc3 Bb6+ 29. Kg2 Re8 30. Qd3 b4 31. Ne2 Re3 32. Qc4 g5 33. Nd4 Qg4
34. Rf1 Qe4+ 35. Nf3 Re2+ 36. Kh1 Qxc4 37. bxc4 Rxb2 38. Nxg5 Rf2 39. Re1 Rxa2
40. Re8+ Kg7 41. Rb8 Ra7 42. Ne4 b3 0-1

[Event "Elit(LASK-Rockaden,Umea)"]
[Site "?"]
[Date "2011.10.07"]
[Round "1"]
[White "Petrov, Marijan"]
[Black "Hillarp Persson, Tiger"]
[Result "1/2-1/2"]
[WhiteElo "2537"]
[BlackElo "2591"]
[PlyCount "38"]

1. e4 e6 2. d4 d5 3. e5 c5 4. c3 Nc6 5. Nf3 Bd7 6. Be2 Nge7 7. Na3 cxd4 8. cxd4
Nf5 9. Nc2 Nb4 10. Ne3 Nxe3 11. fxe3 Be7 12. O-O O-O 13. a3 Nc6 14. Bd2 f6 15.
exf6 Bxf6 16. Bd3 Rc8 17. Rc1 Rc7 18. Bc3 Be8 19. Qc2 g5 1/2-1/2

[Event "Elit(LASK-Rockaden,Umea)"]
[Site "?"]
[Date "2011.10.07"]
[Round "1"]
[White "Skytte Hagen, Andreas"]
[Black "Wickstrom, Lucas"]
[Result "1-0"]
[WhiteElo "2504"]
[BlackElo "2325"]
[PlyCount "35"]

1. c4 Nf6 2. g3 c5 3. Bg2 e6 4. Nf3 a6 5. O-O b6 6. d4 Bb7 7. d5 b5 8. Bg5 exd5
9. cxd5 h6 10. Bxf6 Qxf6 11. e4 Qxb2 12. Nbd2 c4 13. Nxc4 bxc4 14. Rb1 Qxa2 15.
Rxb7 Ba3 16. Qd4 O-O 17. Ra1 Bc5 18. Rxa2 1-0

[Event "Elit(LASK-Rockaden,Umea)"]
[Site "?"]
[Date "2011.10.07"]
[Round "1"]
[White "Grandelius, Nils"]
[Black "Malmstig, Erik"]
[Result "1-0"]
[WhiteElo "2568"]
[BlackElo "2335"]
[PlyCount "105"]

1. Nf3 Nf6 2. c4 e6 3. g3 b6 4. Bg2 Bb7 5. O-O Be7 6. d4 O-O 7. d5 exd5 8. Nh4
c6 9. cxd5 Nxd5 10. Nf5 Nc7 11. e4 d5 12. Nc3 Bf6 13. exd5 Nxd5 14. Nxd5 cxd5
15. Ne3 Nc6 16. Nxd5 Kh8 17. Nxf6 Qxf6 18. Be3 Rad8 19. Qa4 Rd6 20. Rad1 Rfd8
21. Rxd6 Qxd6 22. Rc1 Rc8 23. Qe4 h6 24. h4 Qb8 25. Qf5 Kg8 26. Bf4 Nd4 27.
Rxc8+ Qxc8 28. Qxc8+ Bxc8 29. Bb8 a6 30. Ba7 Ne2+ 31. Kf1 Nc1 32. Bd5 Be6 33.
Bxe6 fxe6 34. Bxb6 Nxa2 35. Ke2 Nb4 36. Ba5 Nd5 37. Kd3 Kf7 38. Kd4 Ke7 39. Kc5
Kd7 40. h5 Nf6 41. Kb6 Nxh5 42. Kxa6 Nf6 43. b4 h5 44. b5 g5 45. Bc3 Nd5 46. b6
Kc6 47. b7 Nc7+ 48. Ka7 Nb5+ 49. Ka8 Nc7+ 50. Kb8 h4 51. gxh4 gxh4 52. Be5 Nd5
53. Ka7 1-0

[Event "Elit(LASK-Rockaden,Umea)"]
[Site "?"]
[Date "2011.10.07"]
[Round "1"]
[White "Mardell, Jimmy"]
[Black "Dragicevic, Drazen"]
[Result "1-0"]
[WhiteElo "2223"]
[BlackElo "2351"]
[PlyCount "91"]

1. e4 c5 2. Nf3 Nc6 3. d4 cxd4 4. Nxd4 Nf6 5. Nc3 e5 6. Ndb5 d6 7. Bg5 a6 8.
Na3 b5 9. Bxf6 gxf6 10. Nd5 Bg7 11. c3 Ne7 12. Nc2 f5 13. exf5 Nxf5 14. Bd3 O-O
15. Be4 Kh8 16. Nce3 Nh6 17. Nb4 Rb8 18. Nc6 Qh4 19. Nxb8 Qxe4 20. Qxd6 Nf5 21.
Qc6 Qh4 22. O-O Bh6 23. Nxf5 Bxf5 24. Nd7 Bxd7 25. Qxd7 Bf4 26. g3 Rg8 27. Kh1
Qh5 28. Qd3 Qh3 29. Rg1 Rg6 30. Rad1 Bg5 31. Qd7 Qxd7 32. Rxd7 Rf6 33. Kg2 Kg7
34. h4 Bh6 35. Rgd1 Rc6 36. R1d6 Rc4 37. Rxa6 Re4 38. Kf3 Re1 39. Raa7 e4+ 40.
Kg2 Re2 41. Rxf7+ Kg6 42. Rfe7 Kf6 43. Rxh7 Be3 44. Ra6+ Kf5 45. Rf7+ Ke5 46.
Kf1 1-0

[Event "Elit(LASK-Rockaden,Umea)"]
[Site "?"]
[Date "2011.10.07"]
[Round "1"]
[White "Lund, Silas"]
[Black "Nygren, David"]
[Result "1/2-1/2"]
[WhiteElo "2422"]
[BlackElo "2275"]
[PlyCount "131"]

1. d4 Nf6 2. c4 e6 3. Nc3 Bb4 4. e3 d5 5. Bd3 c5 6. Nf3 Nc6 7. O-O O-O 8. a3
cxd4 9. exd4 Be7 10. Re1 dxc4 11. Bxc4 b6 12. Qd3 Bb7 13. Ba2 Rc8 14. Bd2 Re8
15. Rad1 Qc7 16. Ng5 Nd8 17. d5 exd5 18. Bb1 g6 19. Nb5 Qd7 20. Bc3 Ba6 21. a4
Ne6 22. Rxe6 fxe6 23. Nxh7 Ne4 24. Be5 Bc5 25. Qxe4 Qxh7 26. Qg4 Qh5 27. Qxh5
gxh5 28. Nc7 Be2 29. Rd2 Re7 30. Rxe2 Rexc7 31. Bxc7 Rxc7 32. g3 Kf7 33. h4 Kf6
34. Rc2 Bd6 35. Rxc7 Bxc7 36. Kg2 Be5 37. b3 Bd4 38. Bd3 e5 39. Bb5 Bc3 40. Be8
e4 41. Bxh5 Bd2 42. g4 a6 43. g5+ Kf5 44. Be2 a5 45. Bb5 Kg4 46. Bc6 e3 47. g6
e2 48. g7 e1=Q 49. g8=Q+ Kxh4 50. Qd8+ Kg4 51. Bxd5 Kf5 52. Qxb6 Qe7 53. Qd4
Bb4 54. Kf3 Bc5 55. Qf4+ Kg6 56. Be4+ Kg7 57. Qg4+ Kf8 58. Ke2 Qe5 59. Qc8+ Ke7
60. Qb7+ Kd8 61. Qa8+ Ke7 62. Qb7+ Kd8 63. Qd5+ Qxd5 64. Bxd5 Ke7 65. f4 Kf6
66. Kf3 1/2-1/2

[Event "Elit(LASK-Rockaden,Umea)"]
[Site "?"]
[Date "2011.10.07"]
[Round "1"]
[White "Nilsson, Sebastian"]
[Black "Eriksson, Jorgen"]
[Result "1-0"]
[WhiteElo "2416"]
[BlackElo "2266"]
[PlyCount "81"]

1. e4 c5 2. Nf3 g6 3. d4 cxd4 4. Nxd4 Nc6 5. Nc3 Nf6 6. Be3 Bg7 7. Bc4 O-O 8.
Bb3 d6 9. f3 Bd7 10. Qd2 Nxd4 11. Bxd4 b5 12. h4 a5 13. h5 a4 14. Bd5 b4 15.
Ne2 e5 16. Bxa8 Qxa8 17. Be3 d5 18. exd5 Nxd5 19. Bh6 Bxh6 20. Qxh6 Nf6 21. Rd1
Qc6 22. Ng3 e4 23. Nxe4 Re8 24. hxg6 fxg6 25. O-O Nxe4 26. fxe4 Qc5+ 27. Rf2
Bc6 28. Qf4 Qe7 29. e5 Qxe5 30. Qxe5 Rxe5 31. Rd4 Re1+ 32. Kh2 b3 33. cxb3 axb3
34. axb3 Kg7 35. b4 Re5 36. Rc4 Re6 37. Rc5 h5 38. b5 Ba8 39. Rc8 Bd5 40. Rd2
Bb3 41. Rc6 1-0

[Event "Elit(Solna-Limhamn)"]
[Site "?"]
[Date "2011.10.07"]
[Round "1"]
[White "Jonsson, Mikael"]
[Black "Brynell, Stellan"]
[Result "1/2-1/2"]
[WhiteElo "2348"]
[BlackElo "2555"]
[PlyCount "209"]

1. e4 e6 2. d4 d5 3. Nc3 Bb4 4. e5 Ne7 5. Qg4 c5 6. Nf3 Nbc6 7. a3 Ba5 8. b4
cxb4 9. Nb5 b3+ 10. c3 Nf5 11. Bd2 O-O 12. Bd3 f6 13. Qh3 a6 14. Nd6 fxe5 15.
Nxf5 exf5 16. Nxe5 Nxe5 17. dxe5 Be6 18. Rd1 Rc8 19. g4 g6 20. gxf5 Bxf5 21.
Bxf5 Rxf5 22. f4 Qd7 23. Qd3 Rc4 24. O-O Qc6 25. Rf3 Kg7 26. Kf2 b2 27. Kg3 Qe6
28. h4 Bd8 29. Be3 Rh5 30. Rh1 Qf5 31. Qxf5 gxf5 32. Rb1 Rxc3 33. Rxb2 b5 34.
a4 bxa4 35. Rb7+ Kg6 36. Rd7 Bxh4+ 37. Kg2 a3 38. Bd4 Rc2+ 39. Kf1 a2 40. Ra3
Rh6 41. Rd6+ Kh5 42. Rxh6+ Kxh6 43. Rxa6+ Kh5 44. e6 Kg4 45. Be5 h5 46. Ra7
Rf2+ 47. Kg1 Rd2 48. e7 Bxe7 49. Rxe7 d4 50. Ra7 Rd1+ 51. Kg2 Rd2+ 52. Kf1 Kf3
53. Ke1 Ke3 54. Ra3+ Rd3 55. Rxa2 Rb3 56. Re2+ Kf3 57. Bxd4 Rb1+ 58. Kd2 Kxf4
59. Be5+ Kf3 60. Re3+ Kg4 61. Rg3+ Kh4 62. Rg8 Rb4 63. Bf6+ Kh3 64. Ke3 Rg4 65.
Rh8 Kg3 66. Rxh5 Re4+ 67. Kd3 Kg4 68. Rh8 Kf3 69. Bd4 Re6 70. Rh1 Ra6 71. Rf1+
Kg4 72. Be3 Ra4 73. Ke2 f4 74. Bd2 Kf5 75. Rf3 Rc4 76. Ra3 Kg4 77. Kf2 Rd4 78.
Ke1 Re4+ 79. Kf1 Rd4 80. Be1 Rc4 81. Kg2 Rc2+ 82. Bf2 Rb2 83. Ra8 Rb3 84. Rg8+
Kf5 85. Kf1 Rb1+ 86. Be1 Rb2 87. Ba5 Ke4 88. Ke1 Rb1+ 89. Ke2 f3+ 90. Kf2 Rb2+
91. Kf1 Rb1+ 92. Be1 Ke3 93. Re8+ Kf4 94. Kg1 Ra1 95. Kh2 Ra2+ 96. Kg1 Ra1 97.
Kf1 Rb1 98. Ra8 Rb2 99. Ra3 Rc2 100. Rb3 Ra2 101. Bc3 Rc2 102. Rb4+ Kf5 103.
Be1 Ra2 104. Rd4 Ke5 105. Rb4 1/2-1/2